The European Social Model : (Record no. 614803)

MARC details
000 -LEADER
fixed length control field 00511nam a2200193 a 4500
008 - FIXED-LENGTH DATA ELEMENTS--GENERAL INFORMATION
fixed length control field 260220s2005##################000#0#eng##
020 ## - INTERNATIONAL STANDARD BOOK NUMBER
ISBN 9781843761259
082 04 - DEWEY DECIMAL CLASSIFICATION NUMBER
Classification number 320.6064
Item number ADN
100 1# - MAIN ENTRY--AUTHOR NAME
Personal name Adnett, Nick,
245 10 - TITLE STATEMENT
Title The European Social Model :
260 ## - PUBLICATION, DISTRIBUTION, ETC. (IMPRINT)
Name of publisher Edward Elgar Publishing,
Year of publication 2005.
300 ## - PHYSICAL DESCRIPTION
Number of Pages 272 pages
650 #0 - SUBJECT ADDED ENTRY--TOPICAL TERM
Topical Term Political Science.
942 ## - ADDED ENTRY ELEMENTS (KOHA)
Koha item type English Books
Holdings
Withdrawn status Lost status Damaged status Not for loan Home library Current library Shelving location Date acquired Full call number Accession Number Price effective from Koha item type
        Anna Centenary Library Anna Centenary Library 3RD FLOOR, B WING 20.02.2026 320.6064 ADN 359330 20.02.2026 English Books

Find us on the map